Giáo trình lý thuyết tài chính - tiền tệ
সংরক্ষণ করুন:
| প্রধান লেখক: | |
|---|---|
| বিন্যাস: | গ্রন্থ |
| ভাষা: | Undetermined |
| প্রকাশিত: |
Thống kê
2002
|
| বিষয়গুলি: | |
| ট্যাগগুলো: |
ট্যাগ যুক্ত করুন
কোনো ট্যাগ নেই, প্রথমজন হিসাবে ট্যাগ করুন!
|
| Thư viện lưu trữ: | Trung tâm Học liệu Trường Đại học Cần Thơ |
|---|
| LEADER | 00544nam a2200181Ia 4500 | ||
|---|---|---|---|
| 001 | CTU_53645 | ||
| 008 | 210402s9999 xx 000 0 und d | ||
| 020 | |b 23500 | ||
| 082 | |a 332.4 | ||
| 082 | |b T103 | ||
| 100 | |a Nguyễn Hữu Tài | ||
| 245 | 0 | |a Giáo trình lý thuyết tài chính - tiền tệ | |
| 245 | 0 | |c Nguyễn Hữu Tài (Ch.b.)...[et al.] | |
| 260 | |b Thống kê | ||
| 260 | |c 2002 | ||
| 650 | |a budget,finance,money | ||
| 904 | |i TUYẾN | ||
| 980 | |a Trung tâm Học liệu Trường Đại học Cần Thơ | ||